Statistics for Battle of Hogwarts casulties

Click here to take the quiz!

General Stats

  • This quiz has been taken 37 times
  • The average score is 6 of 12

Answer Stats

Birth YearName% Correct
1978Fred Weasley
100%
1960Remus Lupin
100%
1972-1973Nyphadora Tonks
85%
1978-1979Lavender Brown
73%
1960Severus Snape
73%
1926Lord Voldemort
67%
1951Bellatrix Lestrange
64%
1981Colin Creevy
61%
1979-1980Crabbe
21%
Before 1927Nagani
3%
Before 1977Camelia
0%
Before 1980Scabior
0%

Score Distribution

Percentile by Number Answered

Percent of People with Each Score

Your Score History

You have not taken this quiz